000 00671nam a2200265Ia 4500
005 20260121165918.0
008 008 260114s9999 xx 000 0 eng d
020 _a9783319271262
037 _aEBOOK
040 _aCRL
040 _beng
040 _cCRL
041 _2eng
041 _aeng
084 _qCRL
100 _aLiana Ricci
_91057545
245 0 _aReinterpreting Sub-Saharan Cities through the Concept of Adaptive Capacity
260 _bSpringer
260 _bSpringer
260 _c2016
856 _uhttps://link.springer.com/openurl?genre=book&isbn=978-3-319-27126-2
942 _cEBOOK
999 _c1623274
_d1623274